000 00442nam a2200181Ia 4500
008 230524s9999 xx 000 0 und d
020 _a9788184880472
082 _a658.45
_bMAH
100 _aS.N.Mahehswari
245 2 _aA Manual of Business Laws
250 _aIST
260 _aNEW DELHI
_bHimalaya
_c2008
300 _aXXVI;6.186
500 _aQuantity Number: 6
650 _aManagement
700 _a S.K.Maheshwari
942 _cBK
999 _c42447
_d42447